| 000 | 00456nam a2200169 i 4500 | ||
|---|---|---|---|
| 001 | 39879 | ||
| 003 | ES-MaACL | ||
| 005 | 20250804063356.0 | ||
| 007 | t| | ||
| 008 | 030304s1965 sp ||||1| spa d | ||
| 100 | 1 |
_aCandel, Francisco, _d1925-2007 _934448 |
|
| 245 | 1 | 3 |
_aEl empleo / _cFrancisco Candel. |
| 260 |
_aBarcelona : _bMarte, _c[1965] |
||
| 300 |
_a286 p. ; _c19 cm. |
||
| 852 |
_aES-MaACL _jC-29903 _bR.60151 |
||
| 999 |
_c39879 _d39879 |
||